000 01606nam a2200217 4500
001 0000010895
005 20250329165426.0
008 180709s2018 000 0 eng d
040 _aCO-CtgCURN
_bspa
_ccoctgcurn
082 0 _aDER 2018
_bB292
100 1 _aBartolo Ladino, Eduard Yamid.
245 1 0 _aAnálisis de la explotacion laboral infantil en colombia /
_cEduard Yamid Bartolo Ladino; Wilton Cesar Leiton Henao.
260 _aCartagena de Indias :
_bCorporacion Universitaria Rafael Nuñez,
_c2018.
504 _aTrabajo de grado (Derecho). Corporacion Universitaria Rafael Nuñez. Facultad de Ciencias de Sociales y Humanas. Derecho, 2018.
520 _aCuando hablamos de explotacion laboral, nos referimos a aquel trabajo que se produce bajo una serie de situaciones y condiciones no aptas para su desarrollo, como por ejemplo cuando la remuneracion o contraprestacion no es equivalente al trabajo realizado, o en muchos casos el trabajo extra no remunerado, es decir aquel que esta por fuera de la jornada laboral legalmente establecida. Dentro de otras modalidades de explotacion laboral encontramos, trabajar horas seguidas sin descanso alguno, asi mismo el trabajo en dias festivos no remunerados.
650 0 _aDerecho
_vTesis y disertaciones academicas.
700 1 _aLeiton Henao, Wilton Cesar.
856 _uhttps://unicurn.sharepoint.com/:b:/s/biblioteca/EZb-3FzdFa1DijPP9kXOwxoB22pZizcorJXfyNuPf_qJtw?e=31gjbs
_zClick aqui para ver el recurso en texto completo
942 _2ddc
_cTG
_hDER 2018
_iB292
999 _c3568
_d3568